| 000 | 00790cam a2200205 a 4500 | ||
|---|---|---|---|
| 020 | _a0821329251 | ||
| 082 | 0 | 0 |
_a363.7 _bMAK _cD |
| 245 | 0 | 0 |
_aMaking development sustainable _bfrom concepts to action / _cIsmail Serageldin and Andrew Steer, editors ; with Michael Cernea ... [et al.]. |
| 260 |
_aWashington, D.C. : _bWorld Bank, _cc1994. |
||
| 300 |
_axv.270p. _bill _c24cm |
||
| 526 |
_a0 _b0 _c0 _d363_700000000000000_MAK |
||
| 526 |
_a0 _b0 _c0 _d363_700000000000000_MAK |
||
| 650 | 0 | 0 |
_aEconomic development _xEnvironmental aspects. _919946 |
| 650 | 0 | 0 | _aSustainable development. |
| 700 | 1 |
_aCernea, Michael M. _936400 |
|
| 700 | 1 | 0 |
_aSerageldin, Ismail, _937652 |
| 700 | 1 | 0 |
_aSteer, Andrew D., _938119 |
| 856 | 4 | 0 | _uhttp://www.columbia.edu/cgi-bin/cul/resolve?clio7694304 |
| 942 |
_2ddc _cBK |
||
| 999 |
_c542785 _d542785 |
||